LEADER 01526nam a2200325 a 4500 001 000000120666 003 CaOOAMICUS 005 20100310165125.0 008 100310t2010 it aboe u000 u ita r 040 $aPUL$bita$dReb 041 1 $aita$heng 100 1 $aSheppard, Si.$0(OLS)http://pul/name/75497 240 10$aPharsalus 48 BC: Caesar and Pompey$lItaliano.$0(OLS)http://pul/title/151737 245 10$aFarsalo, Cesare contro Pompeo /$cSi Sheppard ; illustrazioni di Adam Hook. 260 $aMilano :$bRBA Italia,$c©2010. 300 $a96 p. :$bill., c. geogr., foto ;$c25 cm. 490 1 $aRoma e Grecia$aLe battaglie, gli eserciti, i grandi condottieri 490 1 $aRoma$aLe guerre civili I 500 $aPubblicazione periodica settimanale. 504 $aInclude bibliografia ed indice. 650 4$aRoma$xStoria$xGuerre civili$y146-45 a.C.$0(OLS)http://pul/subject/36550 651 4$aRoma$xOrganizzzazione militare.$0(OLS)http://pul/subject/33739 700 1 $aHook, Adam.$0(OLS)http://pul/name/72088 830 0$aRoma e Grecia$pLe battaglie, gli eserciti, i grandi condottieri.$0(OLS)http://pul/title/150360 830 0$aRoma$pLe guerre civili I.$0(OLS)http://pul/title/151736 850 $aPUL 852 $aPUL$W1$xDP2 Filosofia 3$y112$m930 COLL 2.3$j138291$qDDC 21$q $B137519$CPULBib$Z2$F137519 $H113010 $81 941 1 $a9 996 $6245$aFarsalo, Cesare contro Pompeo$9(OLS)http://pul/title/151735 996 $6260$aMilano :$bRBA Italia$9(OLS)http://pul/publisher/80118 LEADER 01289nam a2200277 a 4500 001 000000156317 003 CaOOAMICUS 005 20161116100553.0 008 161116s1971 it u000 u spa r 032 $aLibriCat 040 $aPUL$bita 100 1 $aFerro Calvo, Mauricio.$0(OLS)http://pul/name/99621 245 13$aEl ciclo natalicio en el calendario del oficio hispánico /$cpor Mauricio Ferro Calvo. 260 $aRoma :$bPontificio Ateneo S. Anselmo,$c1971. 300 $a63 p. ;$c24 cm. 500 $aIn testa al front.: Pontificium Atheneum Anselmianum. Pontificium Institutum Liturgicum. 502 $aEstratto da tesi -- Pontificio Ateneo de San Anselmo en Roma. S. Teologia. 1971. 504 $aBibliografia in nota. 650 04$aNatale.$0(OLS)http://pul/subject/5392 710 2 $aPontificio ateneo S. Anselmo.$bFacoltŕ di teologia.$kTesi.$0(OLS)http://pul/name/82348 850 $aPUL 852 $aPUL$W1$xDP1 Tesi Pon. At. S. Anselmo$y29$mTH ANS 138$j179539$qTesi$B182709$CPULBib$Z2$F182709 $H36474 $81 941 1 $a16 996 $6245$aEl ciclo natalicio en el calendario del oficio hispánico$9(OLS)http://pul/title/195933 996 $6260$aRoma :$bPontificio Ateneo S. Anselmo$9(OLS)http://pul/publisher/48098 LEADER 01616nam a2200325 a 4500 001 000000176346 003 CaOOAMICUS 005 20231211153354.0 008 231211s2022 it frm z001 0 fre r 032 $aLibriCat 040 $aPUL$bita 084 $a241 100 1 $aGogo, N'Kouadji Rémi Simon Jean ,$cC.S.S.,$d1965-$0(OLS)http://pul/name/113289 245 13$aLe consentement matrimonial dans le mariage en pays Tchaman dans un contexte de mutations sociales /$cN'Kouadji Rémi Simon Jean Gogo, C.S.S. 260 $aRoma :$b[s.n.],$c2022. 300 $a172 p. ;$c24 cm 502 $aEstratto della Tesi di Dottorato--Pontificia Universitŕ Lateranense--Accademia Alfonsiana--Roma, 2022. 504 $aBibliografia p.: [149]-168. 650 04$aMatrimonio$zCosta d'Avorio.$0(OLS)http://pul/subject/46724 710 2 $aAccademia Alfonsiana. Istituto superiore di Teologia morale.$kTesi.$0(OLS)http://pul/name/81838 850 $aPUL 852 $aPUL$W1$xDP1 Tesi Acc. Alfonsiana$y28$m2022 B 11$j199763$qTesi$B205285$CPULBib$Z2$F205285 $82 910 $aPontificia Universitŕ Lateranense. $bAccademia Alfonsiana$981838 910 $aIstituto superiore di Teologia morale. Accademia Alfonsiana$981838 910 $aAcademia Alfonsiana. Institutum superius theologiae moralis$981838 941 1 $a16 996 $6084$a241$9(OLS)http://pul/classification/3364 996 $6245$aLe consentement matrimonial dans le mariage en pays Tchaman dans un contexte de mutations sociales$9(OLS)http://pul/title/217839 996 $6260$aRoma :$b[s.n.]$9(OLS)http://pul/publisher/47958